banner koha

Zoneamento agroclimático atualizado para a cultura da cana-de-açúcar no Estado do Rio Grande do Sul, visando à produção de açúcar e álcool (Registro n. 296727)

MARC details
000 -LÍDER
campo de controle de tamanho fixo 01201nac a22003377a 4500
001 - NÚMERO DE CONTROLE
campo de controle BR0808851
003 - IDENTIFICADOR DO NÚMERO DE CONTROLE
campo de controle BR-BrBNA
005 - DATA E HORÁRIO DA ÚLTIMA TRANSAÇÃO
campo de controle 20240105123727.0
008 - CAMPO DE DADOS FIXOS--INFORMAÇÃO GERAL
campo de controle de tamanho fixo 230509b bl.|||m| |||| 00| 0 por d
040 ## - FONTE DA CATALOGAÇÃO
Instituição da catalogação original BR-BrBNA
Idioma da catalogação por
Instituição que transcreveu o registro Biblioteca Nacional de Agricultura
072 ## - CÓDIGO DE CATEGORIA DE ASSUNTO
Código de Categoria de Assunto F40
090 ## - NÚMERO DE CHAMADA LOCAL
Número de chamada 0230 BR0808851
100 1# - ENTRADA PRINCIPAL--NOME PESSOAL
Nome pessoal Maluf, J.R.T.
100 1# - ENTRADA PRINCIPAL--NOME PESSOAL
Nome pessoal Westphalen, S.L.
100 1# - ENTRADA PRINCIPAL--NOME PESSOAL
Nome pessoal Matzenauer, R.
100 1# - ENTRADA PRINCIPAL--NOME PESSOAL
Nome pessoal Maluf, D.E.
110 1# - ENTRADA PRINCIPAL--NOME CORPORATIVO
Nome corporativo ou nome da jurisdição Fundação Estadual de Pesquisa Agropecuária, Porto Alegre, RS (Brasil)
9 (RLIN) 4887
245 1# - TÍTULO
Título Zoneamento agroclimático atualizado para a cultura da cana-de-açúcar no Estado do Rio Grande do Sul, visando à produção de açúcar e álcool
260 3# - PUBLICAÇÃO, DISTRIBUIÇÃO, ETC.
Local de publicação, distribuição, etc. Porto Alegre, RS (Brasil):
Data da publicação, distribuição, etc. 2008.
300 ## - DESCRIÇÃO FÍSICA
Extensão 78 p.
490 ## - TÍTULO DA SÉRIE
Título da série Boletim Técnico - Fundação Estadual de Pesquisa Agropecuária (Brazil)
Número do volume ou designação sequencial da série no. 18
ISSN - International Standard Serial Number ISSN 0104-9089
500 ## - NOTA GERAL
Nota geral 34 illus.; 7 tables; 30 ref.
650 ## - ASSUNTO--TERMO TÓPICO
Cabeçalho tópico ou nome geográfico CANA DE AÇÚCAR
650 ## - ASSUNTO--TERMO TÓPICO
Cabeçalho tópico ou nome geográfico PRODUÇÃO VEGETAL
650 ## - ASSUNTO--TERMO TÓPICO
Cabeçalho tópico ou nome geográfico ZONEAMENTO CLIMÁTICO
650 ## - ASSUNTO--TERMO TÓPICO
Cabeçalho tópico ou nome geográfico APTIDÃO CLIMÁTICA
650 ## - ASSUNTO--TERMO TÓPICO
Cabeçalho tópico ou nome geográfico TEMPERATURA
650 ## - ASSUNTO--TERMO TÓPICO
Cabeçalho tópico ou nome geográfico DEFICIÊNCIA HÍDRICA
909 ## -
-- 202312
-- Lúcia Elande
-- 55
-- Lúcia Elande
942 ## - ELEMENTOS DE ENTRADA ADICIONADOS (KOHA)
Fonte da classificação ou esquema de arquivamento na estante Classificação AGRIS
Ocultar no OPAC Não
Tipo de material Koha Monografia Seriada
Exemplares
Situação do descarte Fonte da classificação ou esquema de arquivamento na estante Situação física Não pode ser emprestado Coleção Biblioteca de origem Biblioteca atual Localização na estante Total de empréstimos Número de telefone completo Código de barras Data de último acesso Tipo de material Koha Fonte de aquisição
  Classificação AGRIS       Biblioteca Nacional de Agricultura - Binagri Biblioteca Nacional de Agricultura - Binagri Agrobase - Acervo Geral   0230 BR0808851 0230 BR0808851 18/12/2023 Monografia Seriada Portaria Interministerial nº 164/94

BINAGRI

Telefone: (61)3218-2567/2388/3357/2097 - binagri@agro.gov.br

Ministério da Agricultura e Pecuária , Esplanada dos Ministérios, Bloco D, Anexo B, Brasília/DF, CEP: 70.043-900